<?xml version="1.0" encoding="UTF-8"?>
<record
    xmlns:xsi="http://www.w3.org/2001/XMLSchema-instance"
    xsi:schemaLocation="http://www.loc.gov/MARC21/slim http://www.loc.gov/standards/marcxml/schema/MARC21slim.xsd"
    xmlns="http://www.loc.gov/MARC21/slim">

  <leader>00750nam a22002057a 4500</leader>
  <datafield tag="999" ind1=" " ind2=" ">
    <subfield code="c">63257</subfield>
    <subfield code="d">63257</subfield>
  </datafield>
  <controlfield tag="005">20250708165426.0</controlfield>
  <controlfield tag="008">250708s2015    en ||||| |||| 00| 0 eng d</controlfield>
  <datafield tag="020" ind1=" " ind2=" ">
    <subfield code="a">9789865663650 X</subfield>
  </datafield>
  <datafield tag="041" ind1=" " ind2=" ">
    <subfield code="a">eng</subfield>
  </datafield>
  <datafield tag="080" ind1=" " ind2=" ">
    <subfield code="a">577.2 L-47</subfield>
  </datafield>
  <datafield tag="100" ind1=" " ind2=" ">
    <subfield code="a">Lee, Chao-Hung</subfield>
    <subfield code="9">25630</subfield>
  </datafield>
  <datafield tag="245" ind1=" " ind2=" ">
    <subfield code="a">Applied Molecular Biology  /</subfield>
    <subfield code="c"> Chao-Hung, Lee</subfield>
  </datafield>
  <datafield tag="250" ind1=" " ind2=" ">
    <subfield code="a">2nd edition</subfield>
  </datafield>
  <datafield tag="264" ind1=" " ind2=" ">
    <subfield code="a">Taiwan :</subfield>
    <subfield code="b">Airiti press,</subfield>
    <subfield code="c">2015.</subfield>
  </datafield>
  <datafield tag="300" ind1=" " ind2=" ">
    <subfield code="a">543 pages :.</subfield>
    <subfield code="b">23 cm.</subfield>
  </datafield>
  <datafield tag="653" ind1=" " ind2=" ">
    <subfield code="a">Applied Molecular Biology</subfield>
  </datafield>
  <datafield tag="653" ind1=" " ind2=" ">
    <subfield code="a">Even though molecular biology has long been a basic tool in biomedical research, scientists still face the question of why certain</subfield>
  </datafield>
  <datafield tag="653" ind1=" " ind2=" ">
    <subfield code="a">&#x10D2;&#x10D0;&#x10DB;&#x10DD;&#x10E7;&#x10D4;&#x10DC;&#x10D4;&#x10D1;&#x10D8;&#x10D7;&#x10D8; &#x10DB;&#x10DD;&#x10DA;&#x10D4;&#x10D9;&#x10E3;&#x10DA;&#x10E3;&#x10E0;&#x10D8; &#x10D1;&#x10D8;&#x10DD;&#x10DA;&#x10DD;&#x10D2;&#x10D8;&#x10D0;</subfield>
  </datafield>
  <datafield tag="942" ind1=" " ind2=" ">
    <subfield code="2">udc</subfield>
    <subfield code="c">BK</subfield>
  </datafield>
  <datafield tag="952" ind1=" " ind2=" ">
    <subfield code="0">0</subfield>
    <subfield code="1">0</subfield>
    <subfield code="2">udc</subfield>
    <subfield code="4">0</subfield>
    <subfield code="6">5772_L47</subfield>
    <subfield code="7">0</subfield>
    <subfield code="9">103654</subfield>
    <subfield code="a">CPL</subfield>
    <subfield code="b">CPL</subfield>
    <subfield code="c">GEN</subfield>
    <subfield code="d">2025-07-08</subfield>
    <subfield code="g">258.00</subfield>
    <subfield code="o">577.2 L-47</subfield>
    <subfield code="p">72080</subfield>
    <subfield code="r">2025-07-08</subfield>
    <subfield code="t">72080</subfield>
    <subfield code="w">2025-07-08</subfield>
    <subfield code="y">BK</subfield>
    <subfield code="z">258.00</subfield>
  </datafield>
  <datafield tag="952" ind1=" " ind2=" ">
    <subfield code="0">0</subfield>
    <subfield code="1">0</subfield>
    <subfield code="2">udc</subfield>
    <subfield code="4">0</subfield>
    <subfield code="6">5772_L47</subfield>
    <subfield code="7">0</subfield>
    <subfield code="9">103655</subfield>
    <subfield code="a">CPL</subfield>
    <subfield code="b">CPL</subfield>
    <subfield code="c">GEN</subfield>
    <subfield code="d">2025-07-08</subfield>
    <subfield code="g">258.00</subfield>
    <subfield code="o">577.2 L-47</subfield>
    <subfield code="p">72081</subfield>
    <subfield code="r">2025-07-08</subfield>
    <subfield code="t">72081</subfield>
    <subfield code="w">2025-07-08</subfield>
    <subfield code="y">BK</subfield>
    <subfield code="z">258.00</subfield>
  </datafield>
  <datafield tag="952" ind1=" " ind2=" ">
    <subfield code="0">0</subfield>
    <subfield code="1">0</subfield>
    <subfield code="2">udc</subfield>
    <subfield code="4">0</subfield>
    <subfield code="6">5772_L47</subfield>
    <subfield code="7">0</subfield>
    <subfield code="9">103656</subfield>
    <subfield code="a">CPL</subfield>
    <subfield code="b">CPL</subfield>
    <subfield code="c">GEN</subfield>
    <subfield code="d">2025-07-08</subfield>
    <subfield code="g">258.00</subfield>
    <subfield code="o">577.2 L-47</subfield>
    <subfield code="p">72082</subfield>
    <subfield code="r">2025-07-08</subfield>
    <subfield code="t">72082</subfield>
    <subfield code="w">2025-07-08</subfield>
    <subfield code="y">BK</subfield>
    <subfield code="z">258.00</subfield>
  </datafield>
</record>
